Indian Polity : For Civil Services and other State Examinations (Record no. 10827)

MARC details
000 -LEADER
fixed length control field 00409nam a2200145Ia 4500
008 - FIXED-LENGTH DATA ELEMENTS--GENERAL INFORMATION
fixed length control field 191201s2011 xx 000 0 und d
082 ## - DEWEY DECIMAL CLASSIFICATION NUMBER
Classification number 320.954076
Item number LAI
100 ## - MAIN ENTRY--PERSONAL NAME
Personal name LAXMIKANTH, M.
245 #0 - TITLE STATEMENT
Title Indian Polity : For Civil Services and other State Examinations
250 ## - EDITION STATEMENT
Edition statement 6th
260 ## - PUBLICATION, DISTRIBUTION, ETC. (IMPRINT)
Place of publication, distribution, etc New Delhi
Name of publisher, distributor, etc Mc Graw Hill
Date of publication, distribution, etc 2021
300 ## - PHYSICAL DESCRIPTION
Extent Misc
650 ## - SUBJECT ADDED ENTRY--TOPICAL TERM
Topical term or geographic name as entry element Bachelor of Mass Communication
942 ## - ADDED ENTRY ELEMENTS (KOHA)
Source of classification or shelving scheme Dewey Decimal Classification
Koha item type Text Books

No items available.

Design & Developed by: PIET Central Library
R70 Miles Stone Pattikalyana Samalkha Panipat 132102
mail ID :- [email protected], Phone No:- 0180-2569700 Ex.216